Bezodpadový spôsob výroby triizopropanolamínu

Bibliographic Details
Corporate Author: Novácke chemické závody (Nováky, Slovensko) (Patent holder)
Other Authors: Čamaj, Vladimír (Originator), Šorman, Miroslav (Originator), Stanček, František (Originator), Weissensteiner, Viliam (Originator), Mokrý, Jozef (Originator)
Format: Book
Language:Slovak
PhysicalDescription:3 s. 30 cm
Published: [Banská Bystrica] Úrad priemyselného vlastníctva SR [2008]
Subjects:

MARC

LEADER 00000cam a2200000 a 4500
001 vtls009837745
003 SK-MaSNL
005 20260301025602.0
008 090726s2008 xo j f000 0 slo
013 |a 286508  |b xo  |c patent  |d 20081205  |e dátum nadobudnutia účinkov patentu (Vestník ÚPV SR č.: 12/2008)  |d 20081110  |e dátum sprístupnenia patentu 
013 |a 93-2005  |e číslo prihlášky  |d 20050822  |e dátum podania prihlášky  |d 20070301  |e dátum zverejnenia prihlášky (Vestník ÚPV SR č.: 3/2007) 
015 |a SNBN2015 
035 |a (SVKBBclas03)vtls000302273 
040 |a SNK  |b slo  |c SNK  |e AACR2 
041 0 |a slo 
044 |a xo  |c SK 
072 7 |a 66  |x Chemický priemysel. Chemická technológia  |2 konspekt 
080 |a 66  |2 2001 
084 |a C07C 209/00  |2 IPC 
084 |a C07C 213/00  |2 IPC 
084 |a C07C 215/00  |2 IPC 
245 0 0 |a Bezodpadový spôsob výroby triizopropanolamínu  |c Jozef Mokrý ... [et al.] 
260 |a [Banská Bystrica]  |b Úrad priemyselného vlastníctva SR  |c [2008] 
300 |a 3 s.  |c 30 cm 
650 0 7 |a chemická technológia  |2 SNKPH  |9 65015 
650 0 7 |a Chemical technology  |2 SNKPHeng  |9 265252 
655 7 |a patenty  |2 SNKPH  |9 177343 
655 7 |a patent licenses  |2 SNKPHeng  |9 303430 
700 1 |a Čamaj, Vladimír  |4 org  |9 299928 
700 1 |a Šorman, Miroslav  |4 org  |9 321841 
700 1 |a Stanček, František  |4 org  |9 321842 
700 1 |a Weissensteiner, Viliam  |4 org  |9 321843 
700 1 |a Mokrý, Jozef  |4 org  |9 321844 
710 2 |a Novácke chemické závody (Nováky, Slovensko)  |4 pth  |9 36573 
999 |c 572995  |d 574925 
952 |a SNK  |b SNK  |y PREZ  |7 0  |p 17A1124049  |o snkSK 286508  |i snk2015/29068  |8 0  |0 0  |1 0  |4 0  |d 2015-10-19  |l 0  |r 2026-02-23 14:22:44  |w 2026-02-23